01233nam a2200289 u 4500001001000000003000900010005001700019007000300036008004100039040002500080082002300105100002000128245020200148260003600350300002700386490002400413500007400437651005400511651005400565651003400619651006700653651006000720700002000780710003800800740008400838830002100922000003187DO-SdBNP20251022121108.0ta090707s1980 dr a 000 0 spa d aDO-SdBNPbspacBNPHU a327.7307295bM614a1 aMeyn, Maryanne.13aEl aparato militar norteamericano en Puerto Rico /cM. Meyn, J. Rodríguez . Puerto Rico, víctima de los planes intervencionistas de los E.U. en el Caribe / por Consejo de la Paz de Puerto Rico. a[Santo Domingo] :bEDOC,c1982. a68 p. :bil. ;c22 cm. aDocumentos ;vNo.10 aIncluye referencias bibliográficas y notas al pie de las páginas. 4aEstados UnidosxRelaciones MilitareszPuerto Rico 4aPuerto RicoxRelaciones MilitareszEstados Unidos 4aPuerto RicoxHistoria Militar 4aEstados UnidosxRelaciones MilitareszCaribe ( Región{Rpara} 0aCaribe (Región)xRelaciones MilitareszEstados Unidos12aRodríguez, J.2 aConsejo de la Paz de Puerto Rico.02aPuerto Rico: víctima de los planes intervencionistas de los E.U. en el Caribe 0aDocumentos ;n10